00433 2200157 4500001002100000005001500021035002000036245008300056100002100139300002800160260003100188082000800219084001400227020002200241990001200263INLIS00000000000268920250910111104 a0010-09250000361 aMudah Menulis Buku :bTips Praktis Untuk Pemula /cProf. Mudrajad Kuncoro, Phd0 aMudrajad Kuncoro a165 hlm ;c17,5 x 25 cm aJakarta :bErlangga,c2017 a600 a600 MUD m a978-602-434-413-9 a0755333